Statistics for 4-Letter Word Chain Game #3

Click here to take the quiz!

General Stats

  • This quiz has been taken 75,280 times
    (75,244 since last reset)
  • The average score is 21 of 30

Answer Stats

HintAnswer% Correct
Capital of NorwayOslo
92%
Ivy League universityYale
92%
Online auction siteEbay
91%
Cardinal directionEast
90%
Yin's counterpartYang
89%
Killer whaleOrca
88%
Midwestern U.S. stateOhio
87%
South American countryPeru
86%
Fish's breathing organGill
85%
Lower than sopranoAlto
82%
Roman garmentToga
82%
Food that's grown in paddiesRice
80%
Place with lots of MormonsUtah
79%
Neat and cleanTidy
77%
Lead singer of U2Bono
76%
Without feelingNumb
68%
Common form of air pollutionSmog
67%
Language of PakistanUrdu
67%
God of warMars
64%
Shakespearean kingLear
62%
To perform poorly at the box officeBomb
58%
Throat clearing noiseAhem
56%
ProfoundDeep
55%
Stereotypical Chinese instrumentGong
54%
Opposite of a baseAcid
53%
Disease of kingsGout
53%
Pilgrimage to MeccaHajj
53%
Slang for coffeeJava
51%
To spill the beansBlab
46%
Wednesday's namesakeOdin
45%

Score Distribution

Percentile by Number Answered

Percent of People with Each Score

Your Score History

You have not taken this quiz since the last reset